<?xml version="1.0" encoding="UTF-8"?>
<marc:record xmlns:marc="http://www.loc.gov/MARC21/slim">
   <marc:leader>00000nam a2200000 a 4500</marc:leader>
   <marc:datafield ind1="0" ind2="0" tag="245">
      <marc:subfield code="a">Tafiti und das Riesenbaby [Hörbuch]</marc:subfield>
   </marc:datafield>
   <marc:datafield ind1="0" ind2="0" tag="245">
      <marc:subfield code="b">Vollständige Lesung ab 4 Jahren</marc:subfield>
   </marc:datafield>
   <marc:datafield ind1=" " ind2="1" tag="264">
      <marc:subfield code="c">2014</marc:subfield>
   </marc:datafield>
   <marc:datafield ind1="1" ind2=" " tag="490">
      <marc:subfield code="a">Tafiti</marc:subfield>
      <marc:subfield code="v">3</marc:subfield>
   </marc:datafield>
   <marc:datafield ind1="1" ind2=" " tag="520">
      <marc:subfield code="a">Richtig DICKE Freunde!&#xD;
Die Erdmännchen halten nicht besonders viel von den Elefanten: &#x84;Vielfraße, Trampel, Savannenwalzen!&#x93;, schimpft Tafitis Omama, als das Kürbisfeld wieder einmal verwüstet wurde. Doch diesmal haben die Dickhäuter versehentlich auch etwas zurückgelassen: ein Elefantenbaby. Tafiti und sein Pinselohrschwein-Freund haben alle Pfoten bzw. Klauen voll zu tun, das Riesenbaby zu seiner Herde zurückzubringen.</marc:subfield>
   </marc:datafield>
   <marc:datafield ind1=" " ind2=" " tag="020">
      <marc:subfield code="a">9783844513929</marc:subfield>
      <marc:subfield code="9">9783844513929</marc:subfield>
   </marc:datafield>
   <marc:datafield ind1=" " ind2=" " tag="338">
      <marc:subfield code="a">Audiodisk</marc:subfield>
   </marc:datafield>
   <marc:datafield ind1=" " ind2=" " tag="300">
      <marc:subfield code="a">1 CD (42 Min.)</marc:subfield>
   </marc:datafield>
</marc:record>
